00553nam a22001697a 450000500170000001000260001702000260004303500130006903500140008203700130009608200080010924500890011726000320020627000840023830000310032249000300035320221216150446.0 aENG-114399 ENG-135895 a9789351436188c450.00 aEN-97931 aEN-119427 bDBAD/PUB a910 aJigeesha's Indian & world geography :bfor Civil Services (preliminary) examination  aGurgaonbLexisNexisc(201?) a14th Floor, Building No.10, Tower-B, DLF Cyber City, Phase-II bGurgaone122002 avarious pagingsc24cm(pbk) aCATAPULT test prep series